Dogsledding and extreme sports / by Mary Pope ... Read More
Available copies
- 2 of 2 copies available at LARL/NWRL Consortium.
- 1 of 1 copy available at Lake Agassiz Regional Library. (Show preferred library)
Current holds
0 current holds with 2 total copies.
Show Only Available Copies
| Location | Call Number / Copy Notes | Barcode | Shelving Location | Status | Due Date |
|---|---|---|---|---|---|
| Crookston Public Library | J 798.83 OSB (Text) | 33500012195293 | Main | Available | - |
| Warroad Public Library | j 798.83 OSB (Text) | 35500005729361 | Main | Available | - |
Record details
- ISBN: 9780385386449 (trade pbk.)
- ISBN: 0385386443 (trade pbk.)
- ISBN: 9780385386456 (hardcover library binding)
- ISBN: 0385386451 (hardcover library binding)
- Physical Description: 121 pages : illustrations, map ; 21 cm.
- Publisher: New York : Random House, [2016]
Content descriptions
| General Note: | "A Stepping Stone Book." "A nonfiction companion to Magic tree house #54, Balto of the Blue Dawn." |
| Bibliography, etc. Note: | Includes bibliographical references and index. |
| Summary, etc.: | Returning from their adventure in Balto of the ... Read More |
| Target Audience Note: | Ages 6-9. K to grade 3. |
Search for related items by subject
| Genre: | Juvenile works. |
Search for related items by series
| LDR | 02707cam a22006378i 4500 | ||
|---|---|---|---|
| 001 | 197533 | ||
| 003 | LARL_NWRL_CONSORTIUM | ||
| 005 | 20190128151320.0 | ||
| 008 | 150427s2016 nyuab j b 001 0 eng c | ||
| 019 | . | ‡a907884652 | |
| 020 | . | ‡a9780385386449 (trade pbk.) | |
| 020 | . | ‡a0385386443 (trade pbk.) | |
| 020 | . | ‡a9780385386456 (hardcover library binding) | |
| 020 | . | ‡a0385386451 (hardcover library binding) | |
| 020 | . | ‡z9780385386463 (ebook) | |
| 035 | . | ‡a(OCoLC)908084529 ‡z(OCoLC)907884652 | |
| 042 | . | ‡apcc | |
| 082 | 0 | 4. | ‡a798.8/3 ‡223 |
| 100 | 1 | . | ‡aOsborne, Mary Pope, ‡eauthor. ‡0(LARL_NWRL_CONSORTIUM)153313 |
| 245 | 1 | 0. | ‡aDogsledding and extreme sports / ‡cby Mary Pope Osborne and Natalie Pope Boyce ; illustrated by Carlo Molinari. |
| 264 | 1. | ‡aNew York : ‡bRandom House, ‡c[2016] | |
| 300 | . | ‡a121 pages : ‡billustrations, map ; ‡c21 cm. | |
| 336 | . | ‡atext ‡2rdacontent | |
| 336 | . | ‡astill image ‡2rdacontent | |
| 337 | . | ‡aunmediated ‡2rdamedia | |
| 338 | . | ‡avolume ‡2rdacarrier | |
| 490 | 0 | . | ‡aMagic tree house fact tracker ; ‡v34 |
| 500 | . | ‡a"A Stepping Stone Book." | |
| 500 | . | ‡a"A nonfiction companion to Magic tree house #54, Balto of the Blue Dawn." | |
| 521 | 1 | . | ‡aAges 6-9. |
| 521 | 2 | . | ‡aK to grade 3. |
| 504 | . | ‡aIncludes bibliographical references and index. | |
| 520 | . | ‡aReturning from their adventure in Balto of the Blue Dawn, Jack and Annie learn fun facts about sled dogs, the Iditarod and other extreme sports, from the X Games to Ironman competitions. --Publisher's description. | |
| 650 | 0. | ‡aBalto (Dog) ‡vJuvenile literature. | |
| 611 | 2 | 0. | ‡aIditarod (Race) ‡vJuvenile literature. |
| 650 | 0. | ‡aDogsledding ‡vJuvenile literature. | |
| 650 | 0. | ‡aEndurance sports ‡vJuvenile literature. | |
| 611 | 2 | 7. | ‡aIditarod (Race) ‡2fast ‡0(LARL_NWRL_CONSORTIUM)11156 |
| 650 | 7. | ‡2fast ‡aBalto (Dog) ‡0(LARL_NWRL_CONSORTIUM)14610 | |
| 650 | 7. | ‡2fast ‡aDogsledding ‡0(LARL_NWRL_CONSORTIUM)18700 | |
| 650 | 7. | ‡2fast ‡aEndurance sports ‡0(LARL_NWRL_CONSORTIUM)35234 | |
| 655 | 7. | ‡aJuvenile works. ‡2fast | |
| 700 | 1 | . | ‡aBoyce, Natalie Pope, ‡eauthor. ‡0(LARL_NWRL_CONSORTIUM)132557 |
| 700 | 1 | . | ‡aMolinari, Carlo, ‡eillustrator. |
| 700 | 1 | . | ‡aOsborne, Mary Pope. ‡tBalto of the Blue Dawn. |
| 901 | . | ‡a197533 ‡b ‡c197533 ‡tbiblio | |

Add to basket
Permalink
Enable Highlighting